000 00514nmm a2200157Ia 4500
008 251105s9999||||xx |||||||||||||||||und||
020 _a9788425226007
041 _aspa
100 _aBerzbach, Frank
245 0 _aPsicología para creativos :
_b Primeros auxilios para conservar el ingenio y sobrevivir en el trabajo
264 _a[Madrid, España] :
_bEditorial Gustavo Gili,
_c2013
300 _a150 páginas
650 _aPsychology
856 _uhttps://public.digitaliapublishing.com/a/41254
942 _cCF
999 _c80270
_d80270